000
00259nam a2200109Ia 4500
008
220204s9999 xx 000 0 und d
082
_a
033
_b
WYK
100
_a
WYKSTRA, R A
245
0
_a
Introductory economics
260
_a
New York
_b
Harper
_c
1971
942
_c
BK
999
_c
23689
_d
23689